ORGANIZATIONAL BEHAVIOR : (Registro nro. 45887)
[ vista simple ]
| 000 -LEADER | |
|---|---|
| fixed length control field | 01041nam a2200193 a 4500 |
| 001 - CONTROL NUMBER | |
| control field | 45887 |
| 005 - DATE AND TIME OF LATEST TRANSACTION | |
| control field | 20180714025241.0 |
| 008 - FIXED-LENGTH DATA ELEMENTS--GENERAL INFORMATION | |
| fixed length control field | 140415s1998 xxc 000 0 eng d |
| 020 ## - INTERNATIONAL STANDARD BOOK NUMBER | |
| International Standard Book Number | 013859810X |
| 041 ## - LANGUAGE CODE | |
| Language code of text/sound track or separate title | eng |
| 082 ## - DEWEY DECIMAL CLASSIFICATION NUMBER | |
| Classification number | 658.3 |
| Item number | WAG |
| 100 1# - MAIN ENTRY--PERSONAL NAME | |
| Personal name | WAGNER, JOHN A. -HOLLENBECK, JOHN R. |
| 245 10 - TITLE STATEMENT | |
| Title | ORGANIZATIONAL BEHAVIOR : |
| Remainder of title | SECURING COMPETITIVE ADVANTAGE |
| 250 ## - EDITION STATEMENT | |
| Edition statement | 3a ed. |
| 260 ## - PUBLICATION, DISTRIBUTION, ETC. | |
| Place of publication, distribution, etc. | CANADA : |
| Name of publisher, distributor, etc. | PRENTICE-HALL, INC., |
| Date of publication, distribution, etc. | 1998 |
| 300 ## - PHYSICAL DESCRIPTION | |
| Extent | 444 |
| Dimensions | 19.5 x 2.4 x 24 |
| 520 ## - SUMMARY, ETC. | |
| Summary, etc. | HOY EN DIA EL DESARROLLLO DE LOS NEGOCIOS, LA COMPETENCIA CRESE CUENDO OTRAS ORGANIZACIONES MIRAN U OBSERVAN QUE ES LO QUE HACE TU PROPIA CONPANIA, SOLO LO MEJOR, EL AVANCE ES GANADO CUANDO TU PUEDES HACER ALGO Y TUS COMPETIDORES ENCUENTRAN DIFUCULTAD PARA DUPLICAR, LA COMPETITIVIDAD Y LOS AVANCES ESTAN ASEGURADOS, LOS COMPETIDORES NO PUEDEN DUPLICAR LAS ABILIDADES ESPECIALES DE TODA TU COMPANIA NOSOTROS TENEMOS EVIDENCIAS BASADOS SOBRE SOLIDAS INVESTIGACIONES QUE SON ESPECIALMENTE F |
| 650 14 - SUBJECT ADDED ENTRY--TOPICAL TERM | |
| Topical term or geographic name entry element | COMPORTAMIENTO ORGANIZACIONAL |
| Withdrawn status | Lost status | Source of classification or shelving scheme | Damaged status | Not for loan | Collection code | Home library | Current library | Shelving location | Date acquired | Source of acquisition | Inventory number | Total Checkouts | Full call number | Barcode | Date last seen | Date last checked out | Price effective from | Koha item type |
|---|---|---|---|---|---|---|---|---|---|---|---|---|---|---|---|---|---|---|
| Dewey Decimal Classification | General | Biblioteca Karol Wojtyla | Biblioteca Karol Wojtyla | Sala general | 03/12/2013 | Compra | 151000000000000000021465 | 1 | 658.3 WAG | 68874 | 05/01/2026 | 31/01/2019 | 03/12/2013 | Libro | ||||
| Dewey Decimal Classification | General | Biblioteca Karol Wojtyla | Biblioteca Karol Wojtyla | Sala general | 03/12/2013 | Compra | 151000000000000000021464 | 658.3 WAG | 68873 | 05/01/2026 | 11/08/2016 | 03/12/2013 | Libro |